000 00217 a2200097 4500
001 4407
100 _aKorn,G.A
245 _aMaths handbook for scientists engineers
260 _a
_bMcgrawhill
_c
090 _c3605
_d3605
942 _aNUST-CAE
_cM
_c28947
999 _c239480
_d239480